| 000 | 00569nam a2200193Ia 4500 | ||
|---|---|---|---|
| 005 | 20250508164233.0 | ||
| 008 | 008 250505s9999 xx 000 0 eng d | ||
| 037 | _aReference | ||
| 040 |
_aFEDL _beng _cFEDL |
||
| 041 |
_aeng _2eng |
||
| 084 |
_a420, NCE _qFEDL |
||
| 100 | _aDave Ramesh | ||
| 245 | 0 | _aEnglish with a purpose: Textbook for class 12th (core course) | |
| 245 | 0 | _cNCERT | |
| 260 |
_aDelhi, India _bNational Council of Eductional Research and Training _c2005 |
||
| 300 | _a103p. | ||
| 942 |
_cREF _h420, NCE |
||
| 999 |
_c1387807 _d1387807 |
||